| 000 | 00364 a2200109 4500 | ||
|---|---|---|---|
| 001 | ART_2614 | ||
| 005 | 20260410161718.0 | ||
| 008 | 260409a | ||
| 245 | 1 | 0 | _aLos efectos de la invalidez de los contratos administrativos en la jurisprudencia |
| 100 | 1 | _aUgolini, Daniela | |
| 773 | 0 |
_tDerecho administrativo _g- NÂș 75 (ene./mar. 2011) _wREV1721 |
|
| 999 |
_c16678 _d16678 |
||